000 00787nam a2200253Ia 4500
003 OSt
005 20220927104010.0
006 a|||||r|||| 00| 0
007 ta
008 220926b |||||||| |||| 00| 0 eng d
024 _a109139
037 _cReference Collections
040 _aRTL
_cRTL
_beng
041 _2eng
_aeng
082 _a"X9(M5):89Pg, M3"
110 _aUnited Naitons Industrial Development Organizaiton
_9362447
245 0 _aManual on the production of rattan furniture
260 _aNew
_bYork United Nations USA
_c1983
300 _a108p.
_ccm.
650 _aCar Pentry Industry
_9362448
700 _aUnited Naitons Industrial Development Organizaiton
_9362449
942 _h"X9(M5):89Pg, M3"
_cCC
999 _c685269
_d685269